[Event "36 Abierto Ciudad de Sevilla"]
[Site "?"]
[Date "2011.01.15"]
[Round "9"]
[White "Piasetski, Leon"]
[Black "Matamoros Franco, Carlos S."]
[Result "0-1"]
[WhiteElo "2303"]
[BlackElo "2544"]
[PlyCount "130"]
[EventDate "2011.01.15"]
[SourceDate "2011.01.07"]

1. Nf3 c5 2. c4 g6 3. e4 Nc6 4. d4 cxd4 5. Nxd4 Nf6 6. Nc3 Nxd4 7. Qxd4 d6 8.
Be2 Bg7 9. Bg5 O-O 10. Qd2 Be6 11. f3 a5 12. O-O a4 13. Rab1 Qa5 14. Kh1 Rfc8
15. b3 axb3 16. axb3 h6 17. Be3 Ng4 18. Bd4 Bxd4 19. Qxd4 Qe5 20. Qxe5 Nxe5 21.
f4 Nc6 22. Na4 Rc7 23. f5 Bd7 24. fxg6 fxg6 25. Nb6 Rf8 26. c5 Ne5 27. cxd6
exd6 28. Nc4 Rxf1+ 29. Bxf1 Nxc4 30. Bxc4+ Kg7 31. Rd1 b5 32. Bf1 Be6 33. b4
Bc4 34. Kg1 Bxf1 {Diagrama #} 35. Kxf1 Rc4 36. Rxd6 Rxe4 37. Rb6 Rxb4 38. Ke2
Rb3 39. h4 h5 40. Kf2 Kf7 41. g3 Rb1 42. Kf3 Rb4 43. Kf2 Rb3 44. Kg2 Rb1 45.
Kf3 Rf1+ 46. Ke4 Rf5 47. Rc6 Kg7 48. Rb6 Rc5 49. Kf4 Rc4+ 50. Kf3 b4 51. Ke3
Rg4 52. Kf3 Kf7 53. Rd6 Ke7 54. Rd5 Ke6 55. Rd8 Ke5 56. Rd7 Rd4 57. Rg7 Rg4 58.
Rd7 Rd4 59. Rg7 Kd5 60. Rxg6 b3 61. Rb6 Kc4 62. Ke2 Kc3 63. Rc6+ Rc4 64. Rxc4+
Kxc4 65. Kd2 Kd4 0-1

[Event "36 Abierto Ciudad de Sevilla"]
[Site "?"]
[Date "2011.01.15"]
[Round "9"]
[White "Korneev, Oleg"]
[Black "Urbina Perez, Juan Antonio"]
[Result "1-0"]
[WhiteElo "2576"]
[BlackElo "2189"]
[PlyCount "163"]
[EventDate "2011.01.15"]
[SourceDate "2011.01.07"]

1. e4 c5 2. Nf3 d6 3. d4 cxd4 4. Nxd4 Nf6 5. Nc3 a6 6. Be3 e5 7. Nf3 Be7 8. Bc4
O-O 9. O-O Nc6 10. Bg5 Be6 11. Bb3 Nd7 12. Bxe7 Qxe7 13. Nd5 Qd8 14. Qe2 Nc5
15. Rad1 Nxb3 16. axb3 Rc8 17. h3 f5 18. exf5 Bxd5 19. Rxd5 Ne7 20. Rd2 Nxf5
21. Rfd1 Qf6 22. c3 Rce8 23. Nh2 Re6 24. Ng4 Qg6 25. Ne3 h6 26. Nxf5 Rxf5 27.
Qe4 Rg5 28. Qxb7 e4 29. f4 exf3 30. Qxf3 Rg3 31. Qd5 Kh7 32. Kh2 Rge3 33. Rf1
Qg3+ 34. Kg1 Rg6 35. Qf5 Re5 36. Qf3 Qg5 37. Qf4 Qe7 38. Rdf2 Re4 39. Qf7 Qg5
40. Qf3 Qe7 41. b4 Re5 42. Qf4 Re3 43. Kh2 Re4 44. Qf5 Re5 45. Qf7 Qh4 46. Qf4
Qe7 47. Rf3 Re4 48. Qf5 Re5 49. Qd3 Reg5 50. R1f2 Qe5+ 51. Kg1 Qe1+ 52. Qf1 Qe4
53. Kh1 Qd5 54. Rf5 Rxf5 55. Rxf5 Qe4 56. Rf4 Qe5 57. Qf3 d5 58. Rf5 Qe1+ 59.
Kh2 d4 60. Qd3 dxc3 61. bxc3 Qe7 62. Rf3 Qd6+ 63. Qxd6 Rxd6 64. c4 Rb6 65. Rb3
Rc6 66. c5 Kg6 67. Kg3 Kf5 68. Re3 Rc7 69. Kf3 Rb7 70. Re4 Rd7 71. Ke3 Rd1 72.
g4+ Kf6 73. Rd4 Rh1 74. Ke4 Rxh3 75. Rd6+ Ke7 76. Rxa6 Rb3 77. Rb6 Rc3 78. Kf5
Rf3+ 79. Ke5 Kd7 80. b5 Re3+ 81. Kd5 Re1 82. Rb7+ 1-0

[Event "36 Abierto Ciudad de Sevilla"]
[Site "?"]
[Date "2011.01.15"]
[Round "9"]
[White "Munoz Martin, Pablo"]
[Black "Bellia, Fabrizio"]
[Result "0-1"]
[WhiteElo "2241"]
[BlackElo "2417"]
[PlyCount "66"]
[EventDate "2011.01.15"]
[SourceDate "2011.01.07"]

1. Nf3 d5 2. d4 Nf6 3. b3 c5 4. e3 cxd4 5. exd4 g6 6. Bd3 Bg7 7. Bb2 Nc6 8. Ne5
O-O 9. O-O Nxe5 10. dxe5 Ng4 11. Re1 d4 12. e6 Ne5 13. exf7+ Rxf7 14. Nd2 Nxd3
15. cxd3 b5 16. Rc1 Bb7 17. Ne4 e5 18. Ba3 Bd5 19. Qg4 Bh6 {Diagrama #} 20. Nd6
Rd7 21. Ne4 Bxe4 22. Rxe4 Bxc1 23. Bxc1 Rf7 24. Rxe5 Qc8 25. Qd1 Qc3 26. g3 Qa5
27. Qc2 Raf8 28. Re2 Qc3 29. Qd1 Rf3 30. Rd2 Qc5 31. Re2 Qf5 32. Bh6 Rxf2 33.
Bxf8 Qf3 {Ilegible} 0-1

[Event "36 Abierto Ciudad de Sevilla"]
[Site "?"]
[Date "2011.01.15"]
[Round "9"]
[White "Kovacevic, Slobodan"]
[Black "Coimbra, Margarida"]
[Result "1-0"]
[WhiteElo "2330"]
[BlackElo "2105"]
[PlyCount "99"]
[EventDate "2011.01.15"]
[SourceDate "2011.01.07"]

1. d4 d5 2. Bf4 Nf6 3. e3 c5 4. c3 Nc6 5. Nd2 Bf5 6. Qb3 Qc8 7. dxc5 e5 8. Bg3
Bxc5 9. Ngf3 e4 10. Nd4 Nxd4 11. cxd4 Bb6 12. Bb5+ Bd7 13. Be2 O-O 14. O-O Bg4
15. Bxg4 Qxg4 16. Nb1 Rac8 17. Nc3 Qd7 18. Bh4 {Diagrama #} Rfd8 19. f3 exf3
20. Rxf3 Rc6 21. Bxf6 Rxf6 22. Rxf6 gxf6 23. Rf1 Qe6 24. Rf3 Kh8 25. Qc2 Rg8
26. Qf5 Rg5 27. Qxf6+ Qxf6 28. Rxf6 Kg7 29. Rd6 Kf8 30. Rxd5 Rg6 31. Rd7 Re6
32. Nd5 Rc6 33. Rxb7 Rc1+ 34. Kf2 Rc2+ 35. Kf3 Rxb2 36. Nxb6 axb6 37. a4 Ra2
38. Rxb6 Rxa4 39. h4 Ra2 40. h5 Ra1 41. h6 Rh1 42. g4 Rh3+ 43. Kf4 Ke7 44. Rb7+
Ke6 45. e4 Rh1 46. d5+ Kd6 47. Rb6+ Ke7 48. g5 Rh4+ 49. Ke5 Rh5 50. Rb7+ 1-0